| 000 | 00361nam a2200121Ia 4500 | ||
|---|---|---|---|
| 008 | 220214s9999 xx 000 0 und d | ||
| 245 | 0 | _aChartered Secretary | |
| 260 |
_bInstitute of Company Secretaries of India _aNew Delhi |
||
| 500 | _aEnding Volume & Year: 13, 1983 | ||
| 500 | _aMissing Volume: 9 | ||
| 500 | _aStarting Volume & Year: 6, 1976 | ||
| 942 | _cBJ | ||
| 999 |
_c12635 _d12635 |
||